<?xml version="1.0" encoding="UTF-8"?><?xml-stylesheet type="text/xsl" href="static/style.xsl"?><OAI-PMH xmlns="http://www.openarchives.org/OAI/2.0/" xmlns:xsi="http://www.w3.org/2001/XMLSchema-instance" xsi:schemaLocation="http://www.openarchives.org/OAI/2.0/ http://www.openarchives.org/OAI/2.0/OAI-PMH.xsd"><responseDate>2026-04-13T03:08:33Z</responseDate><request verb="GetRecord" identifier="oai:www.recercat.cat:20.500.14342/4236" metadataPrefix="marc">https://recercat.cat/oai/request</request><GetRecord><record><header><identifier>oai:recercat.cat:20.500.14342/4236</identifier><datestamp>2025-05-14T20:03:48Z</datestamp><setSpec>com_2072_482406</setSpec><setSpec>com_2072_183628</setSpec><setSpec>col_2072_482425</setSpec></header><metadata><record xmlns="http://www.loc.gov/MARC21/slim" xmlns:dcterms="http://purl.org/dc/terms/" xmlns:xsi="http://www.w3.org/2001/XMLSchema-instance" xmlns:doc="http://www.lyncode.com/xoai" xsi:schemaLocation="http://www.loc.gov/MARC21/slim http://www.loc.gov/standards/marcxml/schema/MARC21slim.xsd">
   <leader>00925njm 22002777a 4500</leader>
   <datafield ind2=" " ind1=" " tag="042">
      <subfield code="a">dc</subfield>
   </datafield>
   <datafield ind2=" " ind1=" " tag="720">
      <subfield code="a">Puig Gálvez, Mireia</subfield>
      <subfield code="e">author</subfield>
   </datafield>
   <datafield ind2=" " ind1=" " tag="720">
      <subfield code="a">Zuk, Maria Elisa</subfield>
      <subfield code="e">author</subfield>
   </datafield>
   <datafield ind2=" " ind1=" " tag="260">
      <subfield code="c">2019-05</subfield>
   </datafield>
   <datafield ind2=" " ind1=" " tag="520">
      <subfield code="a">This quantitative research enhances the understanding of the risk perception of international visitors&#xd;
while visiting Barcelona. To reach this aim a model has been suggested, which proposes that the&#xd;
following independent variables directly and positively affect the overall risk perception of risk:&#xd;
financial risk, service quality risk, political instability risk, petty crime risk and terrorist attack risk. In&#xd;
order to evaluate the perception of visitors and to determine which of the variables influences the&#xd;
most, a self-reported survey has been conducted. The results of this study indicate that terrorism&#xd;
attack risk is the factor that influences the most towards the overall perception of risk. Therefore,&#xd;
using the p-value approach modelling analysis a hypothesis suggested can be confirmed: terrorist&#xd;
attack risk directly and positively affects the overall perception of risk. The study has provided analysis&#xd;
and implications to the tourism industry in Barcelona, which can also serve as a reference to&#xd;
destinations with similar risk background.</subfield>
   </datafield>
   <datafield ind1="8" ind2=" " tag="024">
      <subfield code="a">http://hdl.handle.net/20.500.14342/4236</subfield>
   </datafield>
   <datafield ind2="0" ind1="0" tag="245">
      <subfield code="a">Tourists’ perceived risk of Barcelona as an international destination</subfield>
   </datafield>
</record></metadata></record></GetRecord></OAI-PMH>